000 00393nam a2200133Ia 4500
008 220803s9999 xx 000 0 und d
041 _aeng
082 _a711.5 PAT
100 _aPathak N
_929899
245 _aInternational Congress Of Environmental Reseach
260 _b"Government Geetanjali Girl's P G College Bhopal, Bhopal"
_c2007
300 _a258p
650 _aUrban Architecture
_929900
999 _c18742
_d18742